000 01068cam a2200337 a 4500
001 15648907
003 OSt
005 20140310182900.0
008 090306s2008 ph a 001 0 eng
010 _a 2009316203
020 _a9789715425803
040 _aDLC
_cDLC
042 _alcode
_apcc
043 _aa-ph---
050 0 0 _aDS 667
_b.In51 2008
082 _aFIL 959.903
_bI35 2008
100 1 _aIngles, Raul R.
245 1 0 _a1908 : The way it really was
_bHistorical journal for the UP Centennial, 1908-2008
_cIngles, Raul Rafael
246 3 0 _aWay it really was
260 _aDiliman, Quezon City
_bUniversity of the Philippines Press
_cc2008
300 _axvi, 374 p.
_bill.
_c29 cm.
500 _aIncludes index.
521 _aCollege students
526 _c1210L to 1700L
541 _j1
562 _efor circulation : 1 copy available in the collection
651 0 _aPhilippines
_xHistory
_y1898-1946
_vChronology.
906 _a7
_bcbc
_corigode
_d3
_encip
_f20
_gy-gencatlg
942 _2lcc
_cBK
_kFIL
999 _c17084
_d17084